000 00688cam a2200181 a 4500
001 000018380
005 20260305073955.0
008 810225s1971 ck 000 0bspa d
040 _aDO-SdBNP
_bspa
_cBNPHU
082 _a923.587
_bG934C
100 1 _aCastellanos, Rafael Ramón,
_d1932-
_920807
245 1 0 _aAntonio de la Guerra Montero :
_bprócer de la independencia /
_cRafael Ramón Castellanos.
260 _aBogotá, Colombia :
_bEditorial Kelly,
_c1971.
300 _a232 p. ;
_c20 cm.
600 1 4 _aGUERRA MONTERO, ANTONIO DE LA,
_d1798-1862.
_939801
600 1 0 _aBolívar, Simón,
_d1783-1830
_9253
650 4 _aAmérica del sur
_xHistoria
_xGuerras de independencia, 1806-1830
_939802
999 _c17901
_d17901